| 000 | 00907nam a22002897a 4500 | ||
|---|---|---|---|
| 001 | 8308 | ||
| 003 | FISKH | ||
| 005 | 20250909134915.0 | ||
| 008 | 250908b cb ||||| |||| 00| 0 eng d | ||
| 020 | _a9780516263137 | ||
| 040 |
_aFISKH _beng _cFISKH _dFISKH |
||
| 050 | _aBM693.H5 M39 | ||
| 082 | _a296.4 | ||
| 100 | _aMarx, David F. | ||
| 245 |
_aRosh Hashanah and Yom Kippur / _cBy David F. Marx |
||
| 260 |
_aNew York : _bChildren's Press, _c2001. |
||
| 300 |
_a31 pages : _bcolor illustrations ; _c18 cm . |
||
| 490 | _aRookie read-about holidays | ||
| 505 | _aR | ||
| 520 | _aDiscusses the importance and celebration of the Jewish High Holidays, Rosh Hashanah and Yom Kippur. | ||
| 521 | 8 |
_a730
_bLexile |
|
| 521 | 8 |
_aR
_bRaz-Plus |
|
| 650 |
_aHigh Holidays _vJuvenile Literature |
||
| 700 |
_aAnderson, Caroline _ePhoto Researcher |
||
| 942 |
_2ddc _cBK _n0 |
||
| 999 |
_c8308 _d8308 |
||